Management of Financial Institutions and Services (Record no. 761)

MARC details
000 -LEADER
fixed length control field 00371nam a2200133Ia 4500
003 - CONTROL NUMBER IDENTIFIER
control field OSt
008 - FIXED-LENGTH DATA ELEMENTS--GENERAL INFORMATION
fixed length control field 201019b ||||| |||| 00| 0 eng d
082 ## - DEWEY DECIMAL CLASSIFICATION NUMBER
Classification number 658.15
Item number MAM
100 ## - MAIN ENTRY--PERSONAL NAME
Personal name MATTA, Satish K.
245 ## - TITLE STATEMENT
Title Management of Financial Institutions and Services
260 ## - PUBLICATION, DISTRIBUTION, ETC. (IMPRINT)
Place of publication, distribution, etc New Delhi
Name of publisher, distributor, etc Vrinda Publications P Ltd.
Date of publication, distribution, etc (30 April 2014)
300 ## - PHYSICAL DESCRIPTION
Extent 645 pages
942 ## - ADDED ENTRY ELEMENTS (KOHA)
Source of classification or shelving scheme Dewey Decimal Classification
Koha item type Text Books
Holdings
Withdrawn status Lost status Source of classification or shelving scheme Damaged status Not for loan Collection code Home library Current library Date acquired Source of acquisition Bill Number Total Checkouts Full call number Acc. no. / Barcode Date last seen Bill Date Koha item type Public note Cost, normal purchase price Date last borrowed
    Dewey Decimal Classification     MBA PIET C-LIBRARY PIET C-LIBRARY 17/06/2011 Donated By Vrinda Publications Donated By Vrinda Publications   332.01 MAM 17445 04/12/2019 17/06/2011 Text Books Donated By Vrinda Publications    
    Dewey Decimal Classification     BBA PIET C-LIBRARY PIET C-LIBRARY 25/02/2011 J B C, New Delhi IS2009 Rs. 274.50 1 658.15 MAM 17373 22/03/2025 15/02/2011 Text Books   300.00 15/02/2025
    Dewey Decimal Classification     BBA PIET C-LIBRARY PIET C-LIBRARY 25/02/2011 J B C, New Delhi IS2009 Rs. 274.50 1 658.15 MAM 17374 22/08/2025 15/02/2011 Text Books   300.00 21/01/2025

Design & Developed by: PIET Central Library
R70 Miles Stone Pattikalyana Samalkha Panipat 132102
mail ID :- [email protected], Phone No:- 0180-2569700 Ex.216